| 000 | 00412nam a22001457a 4500 | ||
|---|---|---|---|
| 020 | _a0582090334 | ||
| 082 |
_a658.404 _bLAN _cL-37, P-145 |
||
| 100 |
_aLangford, D. _944689 |
||
| 245 | _aHuman resources management in construction, | ||
| 260 |
_aEngland: _bLongman group limited, _cc1995 |
||
| 300 |
_aviii, 208 p,; _c16cm |
||
| 526 |
_a0 _b0 _c0 _d658_404000000000000_LAN |
||
| 650 |
_aMCE _9379 |
||
| 942 |
_2ddc _cBK |
||
| 999 |
_c548404 _d548404 |
||